Le manager et son équipe : l'analyse transactionnelle et l'école de Palto-Alto (Record no. 41124)
[ view plain ]
| 000 -LEADER | |
|---|---|
| fixed length control field | 00696 a2200253 4500 |
| 037 ## - SOURCE OF ACQUISITION | |
| Source of stock number/acquisition | 2, Achat |
| 037 ## - SOURCE OF ACQUISITION | |
| Stock number | De 6928 |
| 037 ## - SOURCE OF ACQUISITION | |
| Stock number | De 6925 |
| 020 ## - NUMERO INTERNATIONAL NORMALISE DES LIVRES | |
| International Standard Book Number | 2-7081-0763-1 |
| 100 ## - VEDETTE PRINCIPALE - NOM DE PERSONNE | |
| Personal name | Cardon, Alain |
| 100 ## - VEDETTE PRINCIPALE - NOM DE PERSONNE | |
| Language of a work | Fr |
| 260 ## - PUBLICATION, DISTRIBUTION, ETC. (IMPRINT) | |
| Place of publication, distribution, etc | Paris |
| 260 ## - PUBLICATION, DISTRIBUTION, ETC. (IMPRINT) | |
| Name of publisher, distributor, etc | Les Editions d'Organisation |
| 245 ## - TITLE STATEMENT | |
| Title | Le manager et son équipe : l'analyse transactionnelle et l'école de Palto-Alto |
| 260 ## - PUBLICATION, DISTRIBUTION, ETC. (IMPRINT) | |
| Date of publication, distribution, etc | 1986 |
| 300 ## - PHYSICAL DESCRIPTION | |
| Extent | 114 p. |
| 300 ## - PHYSICAL DESCRIPTION | |
| Other physical details | 24cm |
| 630 ## - SUBJECT ADDED ENTRY--UNIFORM TITLE | |
| Uniform title | 65 - Gestion et organisation de lindustrie, du commerce, de la communication et des transports |
| 650 ## - SUBJECT ADDED ENTRY--TOPICAL TERM | |
| Topical term or geographic name as entry element | 6 - SCIENCES APPLIQUEES |
| 650 ## - SUBJECT ADDED ENTRY--TOPICAL TERM | |
| Topical term or geographic name as entry element | Entreprise : dirigeant |
| 650 ## - SUBJECT ADDED ENTRY--TOPICAL TERM | |
| Topical term or geographic name as entry element | Groupe : animation |
| Withdrawn status | Lost status | Damaged status | Not for loan | Location (home branch) | Sublocation or collection (holding branch) | Date acquired | Koha issues (times borrowed) | Koha full call number | Koha date last seen | Price effective from | Koha item type |
|---|---|---|---|---|---|---|---|---|---|---|---|
| Bibliothèque Universitaire Centrale | Bibliothèque Universitaire Centrale | 28/02/2009 | 658.15 CAR | 28/02/2009 | 28/02/2009 | Livre |